Elogio de la locura

Gorde:
Xehetasun bibliografikoak
Egile nagusia: Rotterdam, Erasmo de
Formatua: Liburua
Hizkuntza:Undetermined
Argitaratua: España Espasa-Calpe 1976
Gaiak:
Etiketak: Etiketa erantsi
Etiketarik gabe, Izan zaitez lehena erregistro honi etiketa jartzen!

MARC

LEADER 00000nam a2200000Ia 4500
008 170316s9999 xx 000 0 und d
090 |a 100 R-38e 
100 |a Rotterdam, Erasmo de 
245 |a Elogio de la locura 
260 |a España 
260 |b Espasa-Calpe 
260 |c 1976 
300 |a 147 páginas 
650 |a FILOSOFÍA 
999 |c 17465  |d 17465 
040 |a cru BVZT 
942 |c 15 D  |h 100 R-38e  |2 z